| 000 | 00737nam a22002890a 4500 | ||
|---|---|---|---|
| 001 | PT49456 | ||
| 003 | AR-LpoUNG | ||
| 005 | 20210131231302.0 | ||
| 008 | 191001s2011||||ag |||||||||||||||||spa d | ||
| 020 |
_a9789870414018 _c$27,90 |
||
| 040 |
_aAR-LpoUNG _bspa _cAR-LpoUNG _eaacr |
||
| 041 | _aspa | ||
| 044 | _aag | ||
| 082 | 0 | _aA861 776dos | |
| 100 | 1 |
_aMonteleone, Jorge _esel. |
|
| 245 | 1 | 0 | _a200 años de poesía argentina |
| 250 | _a1ra. ed., 1ra. reimpr. | ||
| 260 |
_aBuenos Aires : _bAlfaguara, _c2011. |
||
| 300 |
_a1006 p. : _bil. |
||
| 650 | 4 | _aANTOLOGIAS | |
| 650 | 4 | _aARGENTINA | |
| 650 | 4 | _aLITERATURA | |
| 650 | 4 | _aPOESIA | |
| 651 | 4 | _aDOCUMENTOS TEORICOS O METODOLOGICOS | |
| 905 | _a49456 | ||
| 942 | _cLIB | ||
| 999 |
_c9131 _d9131 |
||